000 00372nam a2200169Ia 4500
100 _aRajput/R.K
650 _aInstruments
942 _cBK
366 _f20
654 _ameasuremts
245 _aElectrical measurements and measuring instruments
260 _bS.Chand & C0
_c2008
082 _a621.374/RAJ
_bRAJ
300 _a741
546 _aENGLISH
999 _c33685
_d33685